000 01250naa a22003257a 4500
001 BR7907212
003 BR-BrBNA
005 20240918174504.0
007 ta
008 230509b bl.||||| |||| 00| 0 por d
040 _aBR-BrBNA
_bpor
_cBiblioteca Nacional de Agricultura
041 _a(Pt)
072 _aF30
_b0120
_bG514
090 _aF30 BR7907212
100 1 _aBarni, V.
100 1 _aOliveira, J.V.
100 1 _aGuadagnin, J.P.
100 1 _aNuss, C.N.
100 1 _aBresolin, M.
111 1 _a24. Reuniao Tecnica Anual do Milho; 8. Reuniao Tecnica Anual do Sorgo Granifero
_cPorto Alegre, RS (Brazil)
_d1979
245 1 _aCompeticao entre novos hibridos da Secretaria da Agricultura do Estado do Rio Grande do Sul [Milho; Brasil]
260 3 _aPorto Alegre, RS (Brasil):
_c1979.
500 _aAta da 24. Reuniao Tecnica Anual do Milho e 8. do Sorgo Granifero Porto Alegre, RS (Brasil): 1979. p. 66-68 (BR7907212-AM)F30
650 _aCOMPETICAO DE VARIEDADE
650 _aMILHO HIBRIDO
650 _aRIO GRANDE DO SUL
773 0 _tAta da 24. Reuniao Tecnica Anual do Milho e 8. do Sorgo Granifero
_wF30 BR7907212
_gPorto Alegre, RS (Brasil), 1979. p. 66-68
909 _a202404
_bLucia
_c55
_dLucia Elande
942 _cAM
_2AGRIS
999 _c311568
_d311568